<?xml version="1.0" encoding="UTF-8"?>
<record
    xmlns:xsi="http://www.w3.org/2001/XMLSchema-instance"
    xsi:schemaLocation="http://www.loc.gov/MARC21/slim http://www.loc.gov/standards/marcxml/schema/MARC21slim.xsd"
    xmlns="http://www.loc.gov/MARC21/slim">

  <leader>00938nam a22002177a 4500</leader>
  <controlfield tag="005">20240903095629.0</controlfield>
  <controlfield tag="008">240902b           ||||| |||| 00| 0 eng d</controlfield>
  <datafield tag="020" ind1=" " ind2=" ">
    <subfield code="a">9789392417801</subfield>
  </datafield>
  <datafield tag="040" ind1=" " ind2=" ">
    <subfield code="c">AL</subfield>
  </datafield>
  <datafield tag="041" ind1=" " ind2=" ">
    <subfield code="a">eng</subfield>
  </datafield>
  <datafield tag="082" ind1=" " ind2=" ">
    <subfield code="2">23</subfield>
    <subfield code="a">344.046</subfield>
    <subfield code="b">VEDE</subfield>
  </datafield>
  <datafield tag="100" ind1=" " ind2=" ">
    <subfield code="a">Vedashree</subfield>
    <subfield code="9">178444</subfield>
  </datafield>
  <datafield tag="245" ind1=" " ind2=" ">
    <subfield code="a">Environmental legislation and policy</subfield>
  </datafield>
  <datafield tag="260" ind1=" " ind2=" ">
    <subfield code="a">Kanpur</subfield>
    <subfield code="b">Shubham Publications</subfield>
    <subfield code="c">2024</subfield>
  </datafield>
  <datafield tag="300" ind1=" " ind2=" ">
    <subfield code="a">v,244p.</subfield>
    <subfield code="b">HB</subfield>
    <subfield code="c">23.8x15.7cm.</subfield>
  </datafield>
  <datafield tag="365" ind1=" " ind2=" ">
    <subfield code="2">General</subfield>
    <subfield code="a">44</subfield>
    <subfield code="b">&#x20B9;1164.35</subfield>
    <subfield code="c">&#x20B9;</subfield>
    <subfield code="d">&#x20B9;1595.00</subfield>
    <subfield code="e">27%</subfield>
    <subfield code="f">20-08-2024</subfield>
  </datafield>
  <datafield tag="520" ind1=" " ind2=" ">
    <subfield code="a">Basic concepts in environmental law; origin of environmental law; Forest, wildlife and biodiversity related laws; Environmental law and Indian constitution; Air, water and marine laws; environment protection laws; Constitution perspectives; International environmental law; Urban development policy.</subfield>
  </datafield>
  <datafield tag="650" ind1=" " ind2=" ">
    <subfield code="2">Social Sciences</subfield>
    <subfield code="a">Environmental Law</subfield>
    <subfield code="9">178445</subfield>
  </datafield>
  <datafield tag="700" ind1=" " ind2=" ">
    <subfield code="a">Rashmi K S; et al.</subfield>
    <subfield code="9">178446</subfield>
  </datafield>
  <datafield tag="942" ind1=" " ind2=" ">
    <subfield code="2">ddc</subfield>
    <subfield code="c">BK</subfield>
  </datafield>
  <datafield tag="999" ind1=" " ind2=" ">
    <subfield code="c">231697</subfield>
    <subfield code="d">231697</subfield>
  </datafield>
  <datafield tag="952" ind1=" " ind2=" ">
    <subfield code="0">0</subfield>
    <subfield code="1">0</subfield>
    <subfield code="2">ddc</subfield>
    <subfield code="4">0</subfield>
    <subfield code="7">0</subfield>
    <subfield code="8">MSW</subfield>
    <subfield code="a">SACPG</subfield>
    <subfield code="b">SACPG</subfield>
    <subfield code="d">2024-08-31</subfield>
    <subfield code="e">Saraswathi Publishers and Distributors</subfield>
    <subfield code="g">1164.35</subfield>
    <subfield code="l">0</subfield>
    <subfield code="o">344.046 VEDE</subfield>
    <subfield code="p">PG024759</subfield>
    <subfield code="r">2024-09-02 00:00:00</subfield>
    <subfield code="v">1595.00</subfield>
    <subfield code="w">2024-09-02</subfield>
    <subfield code="y">BK</subfield>
  </datafield>
</record>
